Essentials of business statistics.-- 2nd ed. (Record no. 62830)
[ view plain ]
| 000 -LEADER | |
|---|---|
| fixed length control field | 01211nam a2200253 a 4500 |
| 008 - FIXED-LENGTH DATA ELEMENTS--GENERAL INFORMATION | |
| fixed length control field | 120208c20089999||||||||||||||||| || u |
| 050 ## - LIBRARY OF CONGRESS CALL NUMBER | |
| Classification number | CD/HA 29 Ess |
| 100 ## - MAIN ENTRY--PERSONAL NAME | |
| Personal name | Bowerman, Bruce L |
| 245 10 - TITLE STATEMENT | |
| Title | Essentials of business statistics.-- 2nd ed. |
| Statement of responsibility, etc. | Brue L. Bowerman...[and others] |
| Medium | [cd-rom] |
| 250 ## - EDITION STATEMENT | |
| Edition statement | 2nd ed. |
| 260 ## - PUBLICATION, DISTRIBUTION, ETC. | |
| Place of publication, distribution, etc. | New York |
| Name of publisher, distributor, etc. | McGraw-Hill |
| Date of publication, distribution, etc. | 2008 |
| 300 ## - PHYSICAL DESCRIPTION | |
| Extent | 4 3/4 in |
| 350 ## - | |
| -- | 0.00 |
| 500 ## - GENERAL NOTE | |
| General note | This CD-ROM is accompanied with a textbook available inĀ main collection. |
| 650 #0 - SUBJECT ADDED ENTRY--TOPICAL TERM | |
| Topical term or geographic name entry element | COMMERCIAL STATISTICS |
| 650 #0 - SUBJECT ADDED ENTRY--TOPICAL TERM | |
| Topical term or geographic name entry element | BUSINESS |
| 700 ## - ADDED ENTRY--PERSONAL NAME | |
| Personal name | Robert, O'connell |
| 700 ## - ADDED ENTRY--PERSONAL NAME | |
| Personal name | Orris, J. B |
| 700 ## - ADDED ENTRY--PERSONAL NAME | |
| Personal name | Porter, Dawn C |
| 995 ## - | |
| -- | e-RESOURCES |
| -- | 20142533 |
| -- | CBU-MAIN LIBRARY (Kitwe) |
| -- | 0.00 |
| -- | CD/HA 29 Ess |
| -- | 3 |
| -- | AVAILABLE |
| -- | May 6, 2016 |
| -- | 20142533 |
| -- | e-Media Collection |
| 995 ## - | |
| -- | e-RESOURCES |
| -- | 20141057 |
| -- | CBU-MAIN LIBRARY (Kitwe) |
| -- | 0.00 |
| -- | CD/HA 29 Ess |
| -- | 2 |
| -- | AVAILABLE |
| -- | Apr 21, 2016 |
| -- | 20141057 |
| -- | e-Media Collection |
| 995 ## - | |
| -- | e-RESOURCES |
| -- | 0.00 |
| -- | 20142536 |
| -- | CBU-MAIN LIBRARY (Kitwe) |
| -- | 1 |
| -- | 0.00 |
| -- | CD/HA 29 Ess |
| -- | 1 |
| -- | AVAILABLE |
| -- | Feb 8, 2012 |
| -- | 20142536 |
| -- | e-Media Collection |
| 995 ## - | |
| -- | e-RESOURCES |
| -- | 20162598 |
| -- | CBU-MAIN LIBRARY (Kitwe) |
| -- | 0.00 |
| -- | CD/HA 29 Ess |
| -- | 4 |
| -- | AVAILABLE |
| -- | Jun 23, 2016 |
| -- | 20162598 |
| -- | e-Media Collection |
| 999 ## - | |
| -- | 62830 |
| -- | 62830 |
| Withdrawn status | Lost status | Source of classification or shelving scheme | Damaged status | Not for loan | Permanent Location | Current Location | Shelving location | Date acquired | Total Checkouts | Full call number | Barcode | Date last seen | Price effective from | Koha item type |
|---|---|---|---|---|---|---|---|---|---|---|---|---|---|---|
| CBU-MAIN LIBRARY, KITWE. | CBU-MAIN LIBRARY, KITWE. | 12/16/2022 | CD/HA 29 Ess | 20142533 | 12/16/2022 | 12/16/2022 | MONOGRAPH | |||||||
| CBU-MAIN LIBRARY, KITWE. | CBU-MAIN LIBRARY, KITWE. | 12/16/2022 | CD/HA 29 Ess | 20141057 | 12/16/2022 | 12/16/2022 | MONOGRAPH | |||||||
| CBU-MAIN LIBRARY, KITWE. | CBU-MAIN LIBRARY, KITWE. | 12/16/2022 | CD/HA 29 Ess | 20142536 | 12/16/2022 | 12/16/2022 | MONOGRAPH | |||||||
| CBU-MAIN LIBRARY, KITWE. | CBU-MAIN LIBRARY, KITWE. | 12/16/2022 | CD/HA 29 Ess | 20162598 | 12/16/2022 | 12/16/2022 | MONOGRAPH |